La discographie de SHINee - Statistiques

Statistiques générales
  • Ce quiz a été pris 26 fois
    10 depuis la dernière actualisation
  • Le résultat moyen est 75 sur 211
Statistiques - réponses
Réponse % Correct
Hard
100%
Lucifer
100%
Replay
100%
Replay - Boomtrack
100%
Sherlock
100%
Sherlock (Clue + Note)
100%
YOU (Year Of Us)
100%
Atlantis
86%
Don't Call Me
86%
Everybody
86%
Hello
86%
Juice
86%
Juliette
86%
Marry You
86%
View
86%
1 Of 1
71%
A-Yo
71%
Love
71%
Married To The Music
71%
Our Page
71%
Ring Ding Dong
71%
Superstar
71%
Your Number
71%
10x
57%
Amigo
57%
An Ode To You
57%
Body Rhythm
57%
Code
57%
Days And Years
57%
Dream Girl
57%
DxDxD
57%
Evil
57%
Excuse Me Miss
57%
From Now On
57%
Get The Treasure
57%
Good Evening
57%
Gravity
57%
Identity
57%
Jojo
57%
Love Like Oxygen
57%
Odd Eye
57%
Poet | Artist
57%
Satellite
57%
SHINe (Medusa I)
57%
Stranger
57%
Tell Me What To Do
57%
The Feeling
57%
Woof Woof
57%
3 2 1
43%
An Encore
43%
Area
43%
Better
43%
Better Off
43%
Black Hole
43%
Boys Meet U
43%
Clue
43%
Countless
43%
Diamond Sky
43%
Don't Stop
43%
Dynamite
43%
I'm With You
43%
Insomnia
43%
I Really Want You
43%
I Want You
43%
Kind
43%
Kiss Kiss
43%
Like It
43%
Love Sick
43%
Note
43%
Picasso
43%
Romeo + Juliette
43%
Runaway
43%
Seasons
43%
Selene 6.23
43%
Stand By Me
43%
Starlight
43%
Sweet Misery
43%
The SHINee World
43%
The Shinee World (Doo-Bop)
43%
Why So Serious ?
43%
Wowowow
43%
Y Si Fuera Ella
43%
Alarm Clock
29%
All Day All Night
29%
Aside
29%
Attention
29%
Beautiful
29%
Breaking News
29%
Chemistry
29%
Closer
29%
Close The Door
29%
Colorful
29%
Colors Of The Season
29%
Dangerous (Medusa II)
29%
Dazzling Girl
29%
Do Me Right
29%
Don't Let Me Go
29%
Drive
29%
Feel Good
29%
Girls Girls Girls
29%
Heart Attack
29%
Hitchhiking
29%
Jump
29%
Kimi No Sei De
29%
Kiss Yo
29%
Life
29%
Like A Fire
29%
Lipstick
29%
Lock You Down
29%
Love Should Go On
29%
Love Still Goes On
29%
Lucky Star
29%
Nightmare
29%
One
29%
One Minute Back
29%
Orgel
29%
Photograph
29%
Prism
29%
Quasimodo
29%
Ready Or Not
29%
Rescue
29%
Romantic
29%
Shift
29%
Shout Out
29%
Sing Your Song
29%
So Amazing
29%
Spoiler
29%
Symptoms
29%
Who Waits For Love
29%
Winter Wonderland
29%
Wish Upon A Star
29%
You And I
29%
365
14%
ABOAB
14%
Alive
14%
Always Love
14%
Beautiful Life
14%
Become Undone
14%
Best Place
14%
Bounce
14%
Boys Will Be Boys
14%
Chocolate
14%
Destination
14%
Downtown Baby
14%
Electric
14%
Electric Heart
14%
Every Time
14%
Farewell My Love
14%
Fire
14%
Forever Or Never
14%
Four Seasons
14%
Gentleman
14%
Get Down
14%
Get It
14%
Good Good Feeling
14%
Graze
14%
Hit Me
14%
Hold You
14%
Honesty
14%
If You Love Her
14%
In My Room
14%
In My Room - Unplugged Remix
14%
I Say
14%
Keeping Love Again
14%
Last Gift (In My Room)
14%
Love Pain
14%
Love's Way
14%
Melody
14%
Moon Drop
14%
Mr. Right Guy
14%
Nothing To Lose
14%
Obsession
14%
One For Me
14%
Password
14%
Perfect 10
14%
Please Don't Go
14%
Punch Drunk Love
14%
Queen Of New-York
14%
Real
14%
Retro
14%
Romance
14%
Run With Me
14%
Savior
14%
Seesaw
14%
Senorita
14%
SHINee Girl
14%
Sleepless Night
14%
Start
14%
Sunny Day Hero
14%
Sweet Surprise
14%
Talk To You
14%
Tell Me Your Name
14%
The Name
14%
The Reason
14%
Tonight
14%
To Your Heart
14%
Trigger
14%
Undercover
14%
U Need Me
14%
Up And Down
14%
Wanted
14%
Wishful Thinking
14%
Your Name
14%
Burning Up
0%
Kimi Ga Iru Sekai
0%
Aucun quiz correspondant
Distribution des résultats
% des personnes avec chaque résultat
Percentile par nombre de réponses
Votre historique - résultats
Vous n’avez pas pris ce quiz depuis la dernière actualisation